Antología poética / (Record no. 23472)

MARC details
000 -LEADER
campo de control de longitud fija 00579nam a2200193 i 4500
001 - NÚMERO DE CONTROL
campo de control 23472
003 - IDENTIFICADOR DE NÚMERO DE CONTROL
campo de control ES-MaACL
005 - FECHA Y HORA DE LA ÚLTIMA TRANSACCIÓN
campo de control 20240530131146.0
007 - CAMPO FIJO DE DESCRIPCIÓN FÍSICA--INFORMACIÓN GENERAL
campo de control de longitud fija t|
008 - DATOS DE LONGITUD FIJA--INFORMACIÓN GENERAL
campo de control de longitud fija 021210s1980 sp ||||1| spa d
100 1# - ENTRADA PRINCIPAL--NOMBRE DE PERSONA
Nombre de persona Álvarez Lencero, Luis,
Fechas asociadas al nombre 1923-1983
9 (RLIN) 138667
245 10 - MENCIÓN DEL TÍTULO
Título Antología poética /
Mención de responsabilidad, etc. Luis Alvarez Lencero.
260 ## - PUBLICACIÓN, DISTRIBUCIÓN, ETC.
Lugar de publicación, distribución, etc. [Badajoz] :
Nombre del editor, distribuidor, etc. Universitas,
Fecha de publicación, distribución, etc. [1980]
300 ## - DESCRIPCIÓN FÍSICA
Extensión 194 p. ;
Dimensiones 19 cm.
490 1# - MENCIÓN DE SERIE
Mención de serie Colección Autores extremeños
830 00 - PUNTO DE ACCESO ADICIONAL DE SERIE-TÍTULO UNIFORME
Título uniforme Autores extremeños
9 (RLIN) 236751
852 ## - LOCALIZACIÓN
Ubicación ES-MaACL
Número de control de estantería L-4026
Sublocalización o colección R.104982
Holdings
Estatus retirado Estado de pérdida Estado de daño No para préstamo Biblioteca de origen Biblioteca actual Ubicación en estantería Fecha de adquisición Fuente de adquisición Total de préstamos Signatura topográfica completa Código de barras Visto por última vez Precio de reemplazo Tipo de ítem Koha
        Biblioteca del Ateneo de Madrid Biblioteca del Ateneo de Madrid Depósito 2 17/01/2008     L-4026 1024186 23/02/2023 23/02/2023 Libro impreso